1475 sayılı iş yasası, 2821 sayılı sendikalar yasası, 2822 sayılı toplu iş sözleşmesi, grev lokavt yasası (Record no. 7047)

MARC details
000 -BAŞLIK
Sabit Uzunlukta Kontrol Alanı 00698na a2200229 4500
001 - KONTROL NUMARASI
Denetim Alanı 18583
003 - KONTROL NUMARASI IDENTIFIER
Denetim Alanı MIRAKIL
005 - SON İŞLEM TARİHİ VE ZAMANI
Denetim Alanı 20181213155126.0
008 - SABİT-BOY VERİ ELEMANLARI - GENEL BİLGİLER
Sabit Uzunlukta Kontrol Alanı 161122b tu 000 0
035 ## - SİSTEM KONTROL NUMARASI
Sistem Kontrol Numarası 18583
040 ## - KATALOGLAMA KAYNAK
Orijinal Kataloglama Ajansı Milas
Kataloglama Dili tur
Metne Dönüştürmek Ajansı TR-AnCHP
082 ## - DEWEY ONLU SINIFLANDIRMA NUMARASI
Sınıflandırma Numarası 344.0188
Ürün Numarası İ7 1998
090 ## - SINIFLAMA NUMARASI
Sınıflama Numarası 344.0188 İ7 1998
245 ## - BAŞLIK TABLOSU
Başlık 1475 sayılı iş yasası, 2821 sayılı sendikalar yasası, 2822 sayılı toplu iş sözleşmesi, grev lokavt yasası
Sorumluluk Tablosu, Vb Petrol-İş
260 ## - YAYIN, DAĞITIM, VB
Yayın, Dağıtım, Vb Yeri İstanbul
Yayıncı, Dağıtıcı, Vs Adı Petrol-İş
Yayın, Dağıtım, Vb Tarihi 1998
300 ## - FİZİKSEL TANIM
Kapsam 157 s.
Boyutlar 20 sm.
490 ## - SERİSİ TABLOSU
Seri Beyanı Petrol-İş
Hacim / Ardışık Tanımı 47
650 ## - KONU KATMA GİRİŞ - TOPİKAL DÖNEM
Topikal Süreli Veya Coğrafi Ad Giriş Elemanı İş hukuku
Genel Alt Bölümü Yasalar
650 ## - KONU KATMA GİRİŞ - TOPİKAL DÖNEM
Topikal Süreli Veya Coğrafi Ad Giriş Elemanı İş hukuku
Genel Alt Bölümü Sendikalar
710 ## - KATMA GİRİŞ - KURUMSAL ADI
Giriş Elemanı Olarak Kurumsal Ad Veya Yargı Alanı Adı Petrol-İş Sendikası
942 ## - EKLENDİ GİRİŞ ELEMANLARI (KOHA)
Sınıflandırma Veya Raf Düzeni Kaynak Dewey Decimal Classification
Koha Öğesi Türü Books
999 ## - SİSTEM KONTROL NUMARALARI (KOHA)
Koha Biblionumber 7047
Koha Biblioitemnumber 7047
Holdings
Kalıcı Konum Mevcut Konum Edinme Tarihi Edinim Kaynak Toplam Check-Out'Lar Tam Çağrı Numarası Barkod Tarih Son Görülme İtibaren Geçerli Fiyatlar Koha Öğesi Türü
CHP Kütüphanesi CHP Kütüphanesi 11/22/2016 Bağış   344.0188 İ7 1998 008835 11/22/2016 11/22/2016 Books